000 01216nam a2200229Ia 4500
001 L130-934
003 IT-CnALBA
008 170116s9999||||xx |||||||||||||| ||und||
040 _aIT-CnALBA
_cIT-CnALBA
041 _aITALIANO
100 _aBUSNELLI GIOVANNI
245 0 _aMANUALE DI TEOSOFIA. PARTE III. COSMOLOGIA E ANTROPOLOGIA TEOSOFICA.
250 _a2a ed.
260 _a ROMA
_bLA CIVILTÀ CATTOLICA EDIZIONI
_c1915 [1° Ed.: n.d.]
300 _a288 p.
500 _aTEOSOFIA E OCCULTISMO. MATERIA PRIMORDIALE. EVOLUZIONE DEL MACROCOSMO. CORPO FISICO E CORPO ETEREO DELL'UOMO. PURIIFICAZIONE DEL CORPO DELL'UOMO. CORPO ASTRALE DELL'UOMO. CORPO MENTALE DELL'UOMO. CORPO CAUSALE CORPO BUDDHICO CORPO ATMICO DELL'UOMO.
501 _aSocietà San Paolo EM - Piazza San Paolo, 14 - 12051 ALBA (CN) (non commercial uses only) ® Copyright 2017
520 _aTEOSOFIA E OCCULTISMO. MATERIA PRIMORDIALE. EVOLUZIONE DEL MACROCOSMO. CORPO FISICO E CORPO ETEREO DELL'UOMO. PURIIFICAZIONE DEL CORPO DELL'UOMO. CORPO ASTRALE DELL'UOMO. CORPO MENTALE DELL'UOMO. CORPO CAUSALE CORPO BUDDHICO CORPO ATMICO DELL'UOMO.
650 _aPSICOLOGIA POPOL. PARAPSICOL. OCCULTIS
942 _cBK
957 _71
999 _a1026
_bSI
_g Copie: 1
_c260163
_d260163